[Event "Ayvalik Mango"]
[Site "Ayvalik"]
[Date "2024.01.22"]
[Round "7.2"]
[White "Dolgun, Can"]
[Black "Guliev, Sarhan"]
[Result "1-0"]
[WhiteElo "2291"]
[BlackElo "2245"]
[PlyCount "143"]
[EventDate "2024.01.19"]
[EventType "schev"]
[EventRounds "10"]
[EventCountry "TUR"]
[SourceTitle "CB05_2024"]
[SourceDate "2024.01.31"]
[SourceVersion "1"]
[SourceVersionDate "2024.01.31"]
[SourceQuality "1"]
[WhiteTeam "Yildizlar"]
[BlackTeam "Ustalar"]
[WhiteTeamCountry "TUR"]
[BlackTeamCountry "TUR"]

1. e4 e5 2. Nf3 Nc6 3. Bb5 a6 4. Ba4 Nf6 5. 0-0 Be7 6. Bxc6 dxc6 7. d3 Nd7 8. Nbd2 0-0 9. b3 Re8 10. Bb2 f6 11. Nh4 Nf8 12. Nf5 Bc5 13. Kh1 Ng6 14. g3 Be6 15. Qh5 Bb4 16. Nc4 Qd7 17. Nce3 Ne7 18. Nxe7+ Bxe7 19. f4 Bc5 20. Qf3 Bd4 21. Bxd4 exd4 22. Ng2 Bg4 23. Qf2 f5 24. e5 Qd5 25. Kg1 Bh3 26. Rfe1 c5 27. Nh4 b5 28. Nf3 h6 29. Nd2 c6 30. a4 Kh7 31. Qf3 Qe6 32. Qh5 Bg4 33. Qh4 Qf7 34. h3 Bh5 35. Rf1 Re6 36. g4 Bg6 37. Nf3 Kg8 38. Qg3 Rf8 39. Nh4 Bh7 40. Rf2 Kh8 41. Rg2 Re7 42. axb5 axb5 43. g5 hxg5 44. Qxg5 Re6 45. Kh2 Rh6 46. Rag1 Rg8 47. Nf3 Qd5 48. Qg3 c4 49. bxc4 bxc4 50. Ng5 cxd3 51. cxd3 Bg6 52. e6 Be8 53. Re1 g6 54. Nf3 c5 55. Qg5 Rh5 56. Qf6+ Kh7 57. Ng5+ Kh6 58. Re5 Qb7 59. e7 Rxg5 60. Qxg5+ Kh7 61. Qh4+ Kg7 62. Re6 Qf3 63. Qf6+ Kh7 64. Qh4+ Kg7 65. Re5 Bc6 66. e8N+ Bxe8 67. Re7+ Bf7 68. Rxg6+ Kf8 69. Rxf7+ Kxf7 70. Qf6+ Ke8 71. Rxg8+ Kd7 72. Rg7+ 1-0

[Event "Ayvalik Yunus Gp-A"]
[Site "Ayvalik"]
[Date "2022.05.03"]
[Round "5"]
[White "Dolgun, Can"]
[Black "Ozsakallioglu, Okan"]
[Result "1-0"]
[WhiteElo "2319"]
[BlackElo "2270"]
[PlyCount "159"]
[EventDate "2022.04.30"]
[EventType "team-schev"]
[EventRounds "9"]
[EventCountry "TUR"]
[SourceTitle "CBM 208 Extra"]
[Source "ChessBase"]
[SourceDate "2022.07.31"]
[SourceVersion "1"]
[SourceVersionDate "2022.07.31"]
[SourceQuality "1"]
[WhiteTeam "Team C"]
[BlackTeam "Team A"]
[WhiteTeamCountry "TUR"]
[BlackTeamCountry "TUR"]

1. e4 c5 2. Nf3 e6 3. d4 cxd4 4. Nxd4 Nf6 5. Nc3 Nc6 6. Nxc6 bxc6 7. e5 Nd5 8. Ne4 Bb7 9. Be2 c5 10. 0-0 Qc7 11. Nd6+ Bxd6 12. exd6 Qc6 13. f3 c4 14. Qd4 0-0 15. Bxc4 Qxd6 16. Rd1 Qb6 17. Qxb6 Nxb6 18. Bd3 d5 19. a4 Nd7 20. a5 Bc6 21. b4 a6 22. c4 Ne5 23. cxd5 exd5 24. b5 axb5 25. Bxb5 Bxb5 26. Rxd5 Nxf3+ 27. gxf3 Bc6 28. Rd3 Ra6 29. Kf2 Ba8 30. Ba3 Rxa5 31. Bxf8 Rxa1 32. Rd8 Ra2+ 33. Kg3 h5 34. Ba3+ Kh7 35. Rxa8 g5 36. h4 f6 37. Ra5 Kg6 38. f4 gxf4+ 39. Kxf4 Ra1 40. Bb4 Rf1+ 41. Kg3 Rg1+ 42. Kh2 Rg4 43. Be1 Rc4 44. Kg2 Kh6 45. Kf3 Kg6 46. Rb5 Rc1 47. Bf2 Rc3+ 48. Kg2 Rd3 49. Rb8 Ra3 50. Rg8+ Kf5 51. Rg3 Ra4 52. Rf3+ Kg6 53. Bg3 Rd4 54. Rf4 Rd3 55. Bf2 Rd6 56. Kf3 Ra6 57. Ke4 Re6+ 58. Kd3 Kf7 59. Bd4 Ra6 60. Kc4 Kg6 61. Kd5 Kf7 62. Bc5 Ra5 63. Kd6 Ra6+ 64. Kd7 Re6 65. Rf5 Re4 66. Bf2 Kg6 67. Rf3 Kf7 68. Kd6 Kg6 69. Kd5 Re5+ 70. Kd4 Ra5 71. Ke4 Re5+ 72. Kd3 Re6 73. Bd4 Kf7 74. Rf4 Kg6 75. Kc4 Kf7 76. Kd5 Ra6 77. Rf1 Kg6 78. Rc1 Ra5+ 79. Ke6 Ra6+ 80. Ke7 1-0

[Event "Ayvalik Yunus Gp-A"]
[Site "Ayvalik"]
[Date "2022.04.30"]
[Round "1"]
[White "Dolgun, Can"]
[Black "Yilmazyerli, Mert"]
[Result "0-1"]
[WhiteElo "2319"]
[BlackElo "2493"]
[PlyCount "112"]
[EventDate "2022.04.30"]
[EventType "team-schev"]
[EventRounds "9"]
[EventCountry "TUR"]
[SourceTitle "CBM 208 Extra"]
[Source "ChessBase"]
[SourceDate "2022.07.31"]
[SourceVersion "1"]
[SourceVersionDate "2022.07.31"]
[SourceQuality "1"]
[WhiteTeam "Team C"]
[BlackTeam "Team D"]
[WhiteTeamCountry "TUR"]
[BlackTeamCountry "TUR"]

1. d4 Nf6 2. c4 e6 3. Nf3 b6 4. a3 Bb7 5. Nc3 d5 6. Qc2 Nbd7 7. cxd5 Nxd5 8. e4 Nxc3 9. bxc3 c5 10. Bd3 Qc7 11. 0-0 cxd4 12. cxd4 Qxc2 13. Bxc2 Rc8 14. Ba4 a6 15. d5 b5 16. dxe6 fxe6 17. Bb3 Nc5 18. Ba2 Bxe4 19. Ng5 Bf5 20. Re1 Nd3 21. Rd1 Bc5 22. Nxe6 Bxe6 23. Bxe6 Nxf2 24. Bd7+ Kf7 25. Rf1 Rcf8 26. Bg4 Kg6 27. Bf3 Re8 28. Ra2 Nd3+ 29. Kh1 Rhf8 30. Rc2 Re5 31. h3 Rd8 32. a4 b4 33. Rc4 Rd4 34. Rxd4 Bxd4 35. Bd1 Rc5 36. Bd2 Nf2+ 37. Kh2 Nxd1 38. Rxd1 Be5+ 39. Kg1 Rd5 40. Re1 Bg3 41. Bxb4 Bxe1 42. Bxe1 Kf5 43. Kf2 Ke4 44. Ke2 Rd3 45. a5 Ra3 46. Kf2 g6 47. Bb4 Ra4 48. Be1 Kd5 49. Kf3 Kc6 50. g4 Ra3+ 51. Kg2 Kb5 52. h4 Re3 53. Bf2 Re6 54. Bb6 Rxb6 55. axb6 Kxb6 56. h5 a5 0-1

[Event "Ayvalik Yagmur Gp-A"]
[Site "Ayvalik"]
[Date "2022.04.14"]
[Round "9"]
[White "Gokcek, Kursat Bugra"]
[Black "Dolgun, Can"]
[Result "1/2-1/2"]
[WhiteElo "2272"]
[BlackElo "2319"]
[PlyCount "143"]
[EventDate "2022.04.09"]
[EventType "schev"]
[EventRounds "9"]
[EventCountry "TUR"]
[SourceTitle "CBM 207 Extra"]
[Source "ChessBase"]
[SourceDate "2022.05.31"]
[SourceVersion "1"]
[SourceVersionDate "2022.05.31"]
[SourceQuality "1"]
[WhiteTeam "Team C"]
[BlackTeam "Team B"]
[WhiteTeamCountry "TUR"]
[BlackTeamCountry "TUR"]

1. d4 d5 2. Nf3 Nf6 3. c4 c6 4. e3 g6 5. Nc3 Bg7 6. Be2 0-0 7. 0-0 Nbd7 8. cxd5 cxd5 9. Qb3 e6 10. Bd2 Ne4 11. Be1 Nxc3 12. Bxc3 b6 13. a4 a6 14. Rfc1 Bb7 15. Bb4 Re8 16. Bd6 Rc8 17. Qd1 Bf8 18. Bxf8 Kxf8 19. Ra3 Rxc1 20. Qxc1 Qb8 21. Rc3 Rc8 22. Rxc8+ Qxc8 23. Qxc8+ Bxc8 24. Ne5 Ke7 25. Kf1 Nb8 26. Ke1 f6 27. Nd3 Nc6 28. f4 Kd6 29. Kd2 a5 30. Ne1 e5 31. fxe5+ fxe5 32. Nf3 exd4 33. exd4 Bg4 34. Ke3 Bxf3 35. Bxf3 Ke6 36. h4 h6 37. g3 Ne7 38. g4 Kf6 39. Bg2 g5 40. h5 Ke6 41. Bf1 Kd6 42. Bb5 Ng8 43. Bd3 Nf6 44. Bf5 Kc6 45. Kd3 Ne8 46. Ke3 Nd6 47. b3 b5 48. Bd3 bxa4 49. bxa4 Nc8 50. Kd2 Kd6 51. Ke3 Nb6 52. Bb5 Na8 53. Bd3 Nc7 54. Bf5 Ne8 55. Kd2 Nf6 56. Ke3 Ng8 57. Kd2 Ne7 58. Ke3 Kc6 59. Kd3 Kc7 60. Kd2 Kd8 61. Ke3 Ke8 62. Be6 Kf8 63. Bd7 Kf7 64. Kf3 Kf6 65. Ke3 Ng8 66. Bf5 Ke7 67. Kd2 Kd6 68. Kd3 Ne7 69. Ke3 Kc6 70. Kd3 Kc7 71. Kd2 Kd6 72. Ke3 1/2-1/2

[Event "Ayvalik Petro Gp-A"]
[Site "Ayvalik"]
[Date "2022.02.26"]
[Round "8"]
[White "Dolgun, Can"]
[Black "Vorobiov, Evgeny E"]
[Result "0-1"]
[WhiteElo "2323"]
[BlackElo "2537"]
[PlyCount "66"]
[EventDate "2022.02.21"]
[EventType "schev"]
[EventRounds "9"]
[EventCountry "TUR"]
[SourceTitle "CBM 207 Extra"]
[Source "ChessBase"]
[SourceDate "2022.05.31"]
[SourceVersion "1"]
[SourceVersionDate "2022.05.31"]
[SourceQuality "1"]
[WhiteTeam "Team B"]
[BlackTeam "Team D"]
[WhiteTeamCountry "TUR"]
[BlackTeamCountry "TUR"]

1. e4 c5 2. Nf3 e6 3. d4 cxd4 4. Nxd4 Nf6 5. Nc3 d6 6. Bg5 Be7 7. Qd2 a6 8. 0-0-0 b5 9. a3 Bb7 10. Bd3 Nc6 11. Nxc6 Bxc6 12. f4 Qb8 13. Rhe1 h6 14. Bxf6 Bxf6 15. Nd5 Qd8 16. Nxf6+ Qxf6 17. e5 dxe5 18. Be4 Bxe4 19. Qd7+ Kf8 20. Rxe4 exf4 21. Qd6+ Qe7 22. Qc6 Qe8 23. Rd7 g5 24. Qd6+ Kg8 25. Re7 Qd8 26. Rd7 Qf6 27. Re7 Rh7 28. Qd7 Rg7 29. Rd4 Kh7 30. Rd6 g4 31. Qb7 Rag8 32. Rdd7 Rf8 33. Qe4+ Kg8 0-1

[Event "Ayvalik Petro Gp-A"]
[Site "Ayvalik"]
[Date "2022.02.25"]
[Round "7"]
[White "Aydin, Gulenay"]
[Black "Dolgun, Can"]
[Result "0-1"]
[WhiteElo "2069"]
[BlackElo "2323"]
[PlyCount "120"]
[EventDate "2022.02.21"]
[EventType "schev"]
[EventRounds "9"]
[EventCountry "TUR"]
[SourceTitle "CBM 207 Extra"]
[Source "ChessBase"]
[SourceDate "2022.05.31"]
[SourceVersion "1"]
[SourceVersionDate "2022.05.31"]
[SourceQuality "1"]
[WhiteTeam "Team A"]
[BlackTeam "Team B"]
[WhiteTeamCountry "TUR"]
[BlackTeamCountry "TUR"]

1. d4 d5 2. Nf3 Nf6 3. Bf4 e6 4. e3 c5 5. Nbd2 Nc6 6. c3 Bd6 7. Bxd6 Qxd6 8. Bd3 0-0 9. 0-0 e5 10. dxe5 Nxe5 11. Nxe5 Qxe5 12. Nf3 Qe7 13. c4 Rd8 14. cxd5 Nxd5 15. Qe2 Nb4 16. Bc4 Bg4 17. h3 Bh5 18. Rfd1 a6 19. a3 Nc6 20. Rxd8+ Rxd8 21. Rd1 b5 22. Rxd8+ Qxd8 23. Bb3 Qf6 24. Bd1 Bxf3 25. Qxf3 Qxf3 26. Bxf3 Ne5 27. Be2 c4 28. Kf1 Kf8 29. Ke1 Ke7 30. Kd2 Kd6 31. Kc3 Kc5 32. b4+ cxb3 33. Kxb3 a5 34. Kc3 Nd7 35. Bd3 h6 36. Kb3 Nb6 37. Be2 a4+ 38. Kc3 Nd5+ 39. Kc2 b4 40. axb4+ Kxb4 41. Bh5 g6 42. Bf3 Nc3 43. Bc6 f6 44. Be8 g5 45. Bc6 a3 46. g3 Nd1 47. Bd5 Nxf2 48. h4 Ng4 49. Kd3 Ne5+ 50. Kd4 gxh4 51. gxh4 Nf3+ 52. Kd3 Nxh4 53. Ke4 Ng2 54. Kf3 Ne1+ 55. Kg4 Nc2 56. Kf4 Na1 57. Ba2 Kc3 58. Kf5 Kb2 59. Kxf6 Kxa2 60. e4 Nb3 0-1

[Event "Ayvalik Petro Gp-A"]
[Site "Ayvalik"]
[Date "2022.02.24"]
[Round "6"]
[White "Dolgun, Can"]
[Black "Ratkovic, Milovan"]
[Result "0-1"]
[WhiteElo "2323"]
[BlackElo "2440"]
[PlyCount "62"]
[EventDate "2022.02.21"]
[EventType "schev"]
[EventRounds "9"]
[EventCountry "TUR"]
[SourceTitle "CBM 207 Extra"]
[Source "ChessBase"]
[SourceDate "2022.05.31"]
[SourceVersion "1"]
[SourceVersionDate "2022.05.31"]
[SourceQuality "1"]
[WhiteTeam "Team B"]
[BlackTeam "Team A"]
[WhiteTeamCountry "TUR"]
[BlackTeamCountry "TUR"]

1. e4 c5 2. Nf3 d6 3. d4 cxd4 4. Nxd4 Nf6 5. Nc3 Bd7 6. Bg5 e6 7. f4 Nc6 8. Qd2 h6 9. Bxf6 Qxf6 10. Ndb5 0-0-0 11. 0-0-0 Be8 12. g3 a6 13. Na3 d5 14. e5 Qe7 15. Bh3 Kb8 16. Ne2 Qc7 17. Nb1 d4 18. a3 Na5 19. Nbc3 Bc6 20. Rhe1 d3 21. Kb1 Nc4 22. Qxd3 Rxd3 23. Rxd3 Qb6 24. Nd1 Bxa3 25. Nd4 Bd5 26. Nb3 Bb4 27. Nc3 Bxc3 28. Rxc3 Rc8 29. Kc1 a5 30. Bf1 Qf2 31. Rd1 Ne3 0-1

[Event "Ayvalik Petro Gp-A"]
[Site "Ayvalik"]
[Date "2022.02.22"]
[Round "2"]
[White "Dolgun, Can"]
[Black "Mirzoev, Azer"]
[Result "0-1"]
[WhiteElo "2323"]
[BlackElo "2468"]
[PlyCount "130"]
[EventDate "2022.02.21"]
[EventType "schev"]
[EventRounds "9"]
[EventCountry "TUR"]
[SourceTitle "CBM 207 Extra"]
[Source "ChessBase"]
[SourceDate "2022.05.31"]
[SourceVersion "1"]
[SourceVersionDate "2022.05.31"]
[SourceQuality "1"]
[WhiteTeam "Team B"]
[BlackTeam "Team D"]
[WhiteTeamCountry "TUR"]
[BlackTeamCountry "TUR"]

1. e4 e5 2. Nf3 Nc6 3. d4 exd4 4. Nxd4 Nf6 5. Nc3 Bb4 6. Nxc6 bxc6 7. Bd3 d5 8. exd5 cxd5 9. 0-0 0-0 10. h3 c6 11. Qf3 Bd6 12. Ne2 Re8 13. Ng3 Rb8 14. b3 Be5 15. Bf4 Qd6 16. Bxe5 Qxe5 17. Qd1 Bd7 18. Qd2 g6 19. Rae1 Qd4 20. Rxe8+ Rxe8 21. Re1 Rxe1+ 22. Qxe1 Kg7 23. Ne2 Qb6 24. b4 c5 25. bxc5 Qxc5 26. Qc3 Qxc3 27. Nxc3 Kf8 28. Kf1 Ke7 29. Ke2 Kd6 30. a3 Kc5 31. Kd2 Ne8 32. Ne2 Nd6 33. Kc3 Nb5+ 34. Bxb5 Bxb5 35. Nf4 d4+ 36. Kb3 Bc4+ 37. Kb2 g5 38. Nd3+ Kd5 39. Kc1 h5 40. Kd2 h4 41. Ke2 Ke4 42. g3 a5 43. f3+ Kd5 44. Kf2 Bb5 45. f4 f6 46. fxg5 fxg5 47. gxh4 gxh4 48. Kf3 Bd7 49. Ke2 Bf5 50. Nf4+ Kc4 51. Kd2 Be4 52. Ne2 Bxc2 53. Nf4 Be4 54. Ne2 Kd5 55. Ke1 a4 56. Kd2 Ke5 57. Ke1 Bb7 58. Kf2 Ke4 59. Ng1 Kd3 60. Ne2 Bc8 61. Nf4+ Kc2 62. Ng2 d3 63. Ne1+ Kc3 64. Nf3 Bb7 65. Ng1 Kc2 0-1

[Event "Ayvalik Petro Gp-A"]
[Site "Ayvalik"]
[Date "2022.02.22"]
[Round "3"]
[White "Yilmazyerli, Mert"]
[Black "Dolgun, Can"]
[Result "1-0"]
[WhiteElo "2439"]
[BlackElo "2323"]
[PlyCount "57"]
[EventDate "2022.02.21"]
[EventType "schev"]
[EventRounds "9"]
[EventCountry "TUR"]
[SourceTitle "CBM 207 Extra"]
[Source "ChessBase"]
[SourceDate "2022.05.31"]
[SourceVersion "1"]
[SourceVersionDate "2022.05.31"]
[SourceQuality "1"]
[WhiteTeam "Team C"]
[BlackTeam "Team B"]
[WhiteTeamCountry "TUR"]
[BlackTeamCountry "TUR"]

1. Nf3 d5 2. c4 c6 3. g3 Nf6 4. Bg2 dxc4 5. 0-0 Nbd7 6. Na3 Nb6 7. Qc2 Be6 8. Ne5 h5 9. h4 Qd4 10. Nf3 Qe4 11. Qd1 Bd5 12. b3 cxb3 13. axb3 Qb4 14. Nc4 Nxc4 15. bxc4 Bxf3 16. Bxf3 Qxc4 17. Rb1 e5 18. Rxb7 e4 19. d3 Qe6 20. dxe4 Bd6 21. e5 Bxe5 22. Ba3 Nd7 23. Qa4 Rh6 24. Rd1 Rd8 25. Qxa7 f5 26. e3 c5 27. Bxc5 Nxc5 28. Bc6+ Nd7 29. Rbxd7 1-0

[Event "Paracin Summer op 14th"]
[Site "Paracin"]
[Date "2021.07.16"]
[Round "9"]
[White "Dolgun, Can"]
[Black "Radovanovic, Nikola"]
[Result "1-0"]
[WhiteElo "2133"]
[BlackElo "2395"]
[PlyCount "105"]
[EventDate "2021.07.09"]
[EventType "swiss"]
[EventRounds "9"]
[EventCountry "SRB"]
[SourceTitle "EXT 2022"]
[Source "ChessBase"]
[SourceDate "2021.10.06"]
[SourceVersion "1"]
[SourceVersionDate "2021.10.06"]
[SourceQuality "1"]

1. e4 g6 2. d4 Bg7 3. Nc3 c6 4. h3 d5 5. e5 Nh6 6. Bf4 f6 7. Qd2 Nf7 8. exf6 exf6 9. 0-0-0 0-0 10. h4 b5 11. f3 Nd7 12. g4 Nb6 13. Bd3 Nc4 14. Bxc4 bxc4 15. Na4 Nd6 16. h5 g5 17. h6 Bh8 18. Bxd6 Qxd6 19. Nh3 Be6 20. Nc5 Bf7 21. f4 gxf4 22. Nxf4 Rae8 23. Rde1 Rxe1+ 24. Rxe1 Re8 25. Rxe8+ Bxe8 26. Qe3 Bd7 27. Nxd7 Qxd7 28. Qe6+ Qxe6 29. Nxe6 Kf7 30. Nd8+ Kg6 31. Nxc6 Kxh6 32. Nxa7 f5 33. gxf5 Bxd4 34. Nc6 Bc5 35. Kd2 Kg5 36. a4 h5 37. Ke2 h4 38. Kf3 Kxf5 39. c3 h3 40. a5 h2 41. Kg2 Ke4 42. a6 Kd3 43. Nb4+ Ke4 44. Kxh2 d4 45. Kg2 dxc3 46. bxc3 Ke3 47. Nd5+ Kd3 48. Kf3 Kc2 49. Ke4 Kb3 50. Ke5 Ka4 51. Nc7 Ka5 52. Kd5 Kb6 53. a7 1-0

[Event "Paracin Summer op 14th"]
[Site "Paracin"]
[Date "2021.07.14"]
[Round "7"]
[White "Dolgun, Can"]
[Black "Defromont, Benjamin"]
[Result "1-0"]
[WhiteElo "2133"]
[BlackElo "2246"]
[PlyCount "109"]
[EventDate "2021.07.09"]
[EventType "swiss"]
[EventRounds "9"]
[EventCountry "SRB"]
[SourceTitle "EXT 2022"]
[Source "ChessBase"]
[SourceDate "2021.10.06"]
[SourceVersion "1"]
[SourceVersionDate "2021.10.06"]
[SourceQuality "1"]

1. e4 e5 2. Nf3 Nc6 3. Bb5 a6 4. Ba4 Nf6 5. 0-0 Be7 6. Bxc6 dxc6 7. d3 Nd7 8. Nbd2 f6 9. Nh4 Nf8 10. Nf5 Bxf5 11. exf5 g6 12. f4 exf4 13. Rxf4 Qd7 14. Ne4 0-0-0 15. Qf1 g5 16. Rf2 Qd5 17. Re2 Nd7 18. Bd2 Rhe8 19. Bc3 Bc5+ 20. Kh1 Bd4 21. Rae1 Bxc3 22. Nxc3 Qf7 23. Qf2 c5 24. Re6 Nf8 25. R6e4 Nd7 26. Re6 Nf8 27. R6e4 Nd7 28. h3 b6 29. Re6 Ne5 30. Ne4 Nd7 31. Qg3 Qf8 32. Rc6 Re5 33. Rxf6 Nxf6 34. Qxe5 Re8 35. Qg3 h6 36. Nxf6 Rxe1+ 37. Qxe1 Qxf6 38. Qe8+ Kb7 39. Qe4+ Ka7 40. c3 Qd6 41. d4 cxd4 42. cxd4 h5 43. Qe5 Qc6 44. Kh2 h4 45. f6 Qd7 46. d5 Kb8 47. Qe6 Qa4 48. Qg8+ Ka7 49. Qxg5 Qe8 50. Qf5 Qf8 51. Qe6 Qh6 52. Qe5 Kb7 53. f7 a5 54. d6 Qf8 55. Qe7 1-0

[Event "Belgrade Serbia op"]
[Site "Belgrade"]
[Date "2021.07.05"]
[Round "5"]
[White "Fernandez Lledo, Javier"]
[Black "Dolgun, Can"]
[Result "0-1"]
[WhiteElo "2288"]
[BlackElo "2133"]
[PlyCount "95"]
[EventDate "2021.07.02"]
[EventType "swiss"]
[EventRounds "9"]
[EventCountry "SRB"]
[SourceTitle "CBM 203 Extra"]
[Source "ChessBase"]
[SourceDate "2021.09.30"]
[SourceVersion "1"]
[SourceVersionDate "2021.09.30"]
[SourceQuality "1"]

1. d4 Nf6 2. Nc3 d5 3. Bg5 Nbd7 4. Qd3 e6 5. 0-0-0 Be7 6. f3 b6 7. e4 Bb7 8. e5 Ng8 9. h4 Bxg5+ 10. hxg5 Qxg5+ 11. Kb1 a6 12. Nh3 Qe7 13. Nf4 g6 14. Nce2 c5 15. c4 dxc4 16. Qxc4 cxd4 17. Qxd4 Rd8 18. Rc1 Rc8 19. Rxc8+ Bxc8 20. b4 a5 21. a3 axb4 22. axb4 Qg5 23. Nd3 Ba6 24. f4 Bxd3+ 25. Qxd3 Qf5 26. Qxf5 gxf5 27. Nc3 Ne7 28. Bb5 Ng6 29. Rd1 Ngf8 30. Rd6 Ke7 31. Na4 f6 32. Rc6 fxe5 33. Rc8 exf4 34. Bxd7 Kxd7 35. Nxb6+ Kd6 36. b5 Ng6 37. Rc6+ Ke7 38. Nc4 Rb8 39. b6 Kf6 40. Rc5 Ne7 41. Rb5 Nd5 42. Kc1 Rb7 43. Kd2 Nxb6 44. Nxb6 Rg7 45. Ke2 Rxg2+ 46. Kf3 Rg3+ 47. Ke2 Re3+ 48. Kd2 0-1

[Event "Belgrade Serbia op"]
[Site "Belgrade"]
[Date "2021.07.02"]
[Round "1"]
[White "Dolgun, Can"]
[Black "Lajthajm, Borko"]
[Result "0-1"]
[WhiteElo "2133"]
[BlackElo "2370"]
[PlyCount "54"]
[EventDate "2021.07.02"]
[EventType "swiss"]
[EventRounds "9"]
[EventCountry "SRB"]
[SourceTitle "CBM 203 Extra"]
[Source "ChessBase"]
[SourceDate "2021.09.30"]
[SourceVersion "1"]
[SourceVersionDate "2021.09.30"]
[SourceQuality "1"]

1. e4 c5 2. Nf3 a6 3. c3 e6 4. d4 d5 5. exd5 exd5 6. Be3 cxd4 7. Bxd4 Nc6 8. Bd3 Nxd4 9. Nxd4 Bd6 10. Nd2 g6 11. h3 Nf6 12. Qe2+ Kf8 13. 0-0-0 b5 14. Kb1 Kg7 15. g4 Bf4 16. Qf3 Qd6 17. Ne2 Bg5 18. Qg2 h6 19. f4 Bxf4 20. Nxf4 Qxf4 21. Rhf1 Qd6 22. Ne4 Nxe4 23. Bxe4 Be6 24. Bxd5 Rad8 25. Bxe6 Qxe6 26. Rde1 Qd6 27. Qf2 Qd5 0-1

[Event "TUR Cup"]
[Site "Antalya"]
[Date "2020.01.30"]
[Round "8"]
[White "Dolgun, Can"]
[Black "Benk, Tolga Tugay"]
[Result "1-0"]
[WhiteElo "2266"]
[BlackElo "1821"]
[PlyCount "95"]
[EventDate "2020.01.26"]
[EventType "swiss"]
[EventRounds "11"]
[EventCountry "TUR"]
[SourceTitle "CBM 194 Extra"]
[Source "ChessBase"]
[SourceDate "2020.03.31"]
[SourceVersion "1"]
[SourceVersionDate "2020.03.31"]
[SourceQuality "1"]

1. e4 d6 2. d4 Nf6 3. Nc3 e5 4. Nf3 Nbd7 5. Bc4 Be7 6. 0-0 0-0 7. Re1 c6 8. a4 h6 9. Ba2 b6 10. h3 Qc7 11. dxe5 dxe5 12. Nh4 Nc5 13. Qf3 Be6 14. Nf5 Kh7 15. Be3 Ng8 16. Qg3 Bxf5 17. exf5 Nf6 18. Rad1 Rae8 19. Bc1 Bd6 20. Qh4 Be7 21. Qc4 a5 22. f3 Bd6 23. Ne4 Ncxe4 24. fxe4 Bc5+ 25. Kh2 Rd8 26. Qe2 Rfe8 27. c3 Re7 28. g4 Red7 29. Rxd7 Rxd7 30. h4 h5 31. gxh5 Qd8 32. Bg5 Qf8 33. h6 gxh6 34. Bxf6 Qd6 35. Bg5 hxg5 36. Qh5+ Qh6 37. Bxf7 Rd2+ 38. Kh3 Qxh5 39. Bxh5 gxh4 40. Rf1 Bf2 41. f6 Kg8 42. Kg4 Kf8 43. b4 Bg3 44. bxa5 bxa5 45. Rb1 Rd8 46. Rb7 Be1 47. Rh7 Kg8 48. Bg6 1-0

[Event "TUR Cup"]
[Site "Antalya"]
[Date "2020.01.29"]
[Round "5"]
[White "Bacak, Muhammed Kaan"]
[Black "Dolgun, Can"]
[Result "1/2-1/2"]
[WhiteElo "2158"]
[BlackElo "2266"]
[PlyCount "37"]
[EventDate "2020.01.26"]
[EventType "swiss"]
[EventRounds "11"]
[EventCountry "TUR"]
[SourceTitle "CBM 194 Extra"]
[Source "ChessBase"]
[SourceDate "2020.03.31"]
[SourceVersion "1"]
[SourceVersionDate "2020.03.31"]
[SourceQuality "1"]

1. e4 e5 2. Nf3 Nc6 3. Bb5 a6 4. Ba4 Nf6 5. Nc3 b5 6. Bb3 Be7 7. a4 b4 8. Nd5 Nxe4 9. d4 exd4 10. Bf4 d6 11. Nxd4 Nxd4 12. Qxd4 Nf6 13. Qxb4 Be6 14. Nxe7 Qxe7 15. 0-0 0-0 16. Rfe1 Qd7 17. Bg5 Bxb3 18. Qxb3 Qf5 19. Bxf6 1/2-1/2

[Event "TUR Cup"]
[Site "Antalya"]
[Date "2020.01.27"]
[Round "2"]
[White "Dolgun, Can"]
[Black "Erdogmus, Yagiz Kaan"]
[Result "1-0"]
[WhiteElo "2266"]
[BlackElo "1866"]
[PlyCount "135"]
[EventDate "2020.01.26"]
[EventType "swiss"]
[EventRounds "11"]
[EventCountry "TUR"]
[SourceTitle "CBM 194 Extra"]
[Source "ChessBase"]
[SourceDate "2020.03.31"]
[SourceVersion "1"]
[SourceVersionDate "2020.03.31"]
[SourceQuality "1"]

1. e4 c5 2. Nf3 e6 3. d4 cxd4 4. Nxd4 Nf6 5. Nc3 Nc6 6. Nxc6 bxc6 7. e5 Nd5 8. Ne4 Qc7 9. f4 Qa5+ 10. Bd2 Qb6 11. Bd3 Be7 12. Qe2 f5 13. exf6 Nxf6 14. Bc3 0-0 15. Nxf6+ Bxf6 16. Qe4 Bxc3+ 17. bxc3 Rf5 18. Qf3 Rf7 19. Qe4 g6 20. h4 Qb8 21. g3 d5 22. Qe5 Qxe5+ 23. fxe5 c5 24. Rf1 Rxf1+ 25. Bxf1 Rb8 26. Kd2 Bd7 27. Bh3 a5 28. Rf1 Rf8 29. Rxf8+ Kxf8 30. c4 d4 31. Bg2 Kg7 32. Be4 h6 33. c3 dxc3+ 34. Kxc3 g5 35. hxg5 hxg5 36. Kb3 Kf8 37. Bb7 Ke7 38. Ba6 Kd8 39. Bb5 Bxb5 40. cxb5 Kc7 41. Kc4 Kb6 42. a4 g4 43. Kd3 Kc7 44. Ke4 Kb6 45. Ke3 c4 46. Kd4 c3 47. Kxc3 Kc5 48. Kd3 Kd5 49. Ke2 Kxe5 50. Ke3 Kd5 51. Kf4 e5+ 52. Kxg4 e4 53. b6 Kc6 54. Kf4 Kxb6 55. Kxe4 Kc5 56. g4 Kb4 57. g5 Kxa4 58. g6 Kb3 59. g7 a4 60. g8Q+ Kb2 61. Qb8+ Kc3 62. Qc7+ Kb3 63. Qb6+ Kc3 64. Qc5+ Kb3 65. Qb5+ Ka3 66. Kd3 Ka2 67. Kc2 a3 68. Qb1# 1-0

[Event "Mersin op 4th"]
[Site "Mersin"]
[Date "2019.11.19"]
[Round "6"]
[White "Dolgun, Can"]
[Black "Galperin, Platon"]
[Result "1-0"]
[WhiteElo "2157"]
[BlackElo "2469"]
[PlyCount "121"]
[EventDate "2019.11.16"]
[EventType "swiss"]
[EventRounds "9"]
[EventCountry "TUR"]
[SourceTitle "CBM 193 Extra"]
[Source "ChessBase"]
[SourceDate "2020.01.31"]
[SourceVersion "1"]
[SourceVersionDate "2020.01.31"]
[SourceQuality "1"]

1. e4 c5 2. Nf3 Nc6 3. d4 cxd4 4. Nxd4 e5 5. Nb5 d6 6. c4 g6 7. g3 Be6 8. b3 a6 9. N5c3 Bg7 10. Bg2 Nge7 11. Nd5 Nd4 12. Nxe7 Qxe7 13. Nc3 h5 14. h4 Bh6 15. Bb2 Qd8 16. Qd3 Bg4 17. Nd5 Be2 18. Qb1 Bg4 19. Qd3 Bg7 20. Bxd4 exd4 21. Bh3 Be6 22. Nf4 Bxh3 23. Rxh3 g5 24. hxg5 Qxg5 25. Nd5 Rc8 26. Rh4 Qe5 27. Rf4 Qe6 28. Ke2 h4 29. gxh4 Be5 30. Rf5 Rxh4 31. Re1 Qg6 32. Kd1 b5 33. cxb5 Qh6 34. Qd2 axb5 35. Qxh6 Rxh6 36. Rg1 Rg6 37. Rxg6 fxg6 38. Rg5 Kf7 39. Rxg6 Ra8 40. Rh6 Kg7 41. Re6 Kf7 42. Re7+ Kf8 43. Rd7 Rxa2 44. f4 Bg7 45. Rxd6 Ra1+ 46. Kc2 Ra2+ 47. Kd3 Ra3 48. e5 Rxb3+ 49. Kxd4 Rb1 50. Ke4 Ke8 51. e6 Bf6 52. Kf5 Bd8 53. e7 Bxe7 54. Re6 Kd7 55. Rxe7+ Kd6 56. Re5 b4 57. Ne3 Kc6 58. Ke6 b3 59. Nc4 Ra1 60. f5 Ra4 61. Nb2 1-0